| 000 | 00792nam a2200265 a 4500 | ||
|---|---|---|---|
| 001 | BRCA_7755 | ||
| 005 | 20190320205958.0 | ||
| 008 | 120913s1951----po-a######---#000-0#por-# | ||
| 041 | _apor | ||
| 044 | _apo | ||
| 050 | 4 |
_aN8080.Z8 _b.A66 1951 |
|
| 245 | 1 | 0 |
_aO ´Apostolado´ de Zurbarán _cMuseu Nacional de Arte Antiga. |
| 250 | _a2 | ||
| 260 |
_aLisboa _bMuseu Nacional de Arte Antiga _c1951 |
||
| 300 |
_a37 p. _bil., 12 láminas _c22 cm. |
||
| 440 | 0 |
_aObras de arte _n1 _919192 |
|
| 500 | _aU109 | ||
| 504 | _aBibliografía p.7-9 | ||
| 600 | 1 | 4 |
_aZurbarán, Francisco de _d1598-1664 _913651 |
| 650 | 1 | 4 |
_aApóstoles _vRetratos _919193 |
| 650 | 1 | 4 |
_aGalerías y museos _zPortugal _919194 |
| 710 | 2 |
_aMuseu Nacional de Arte Antiga (Lisboa) _919098 |
|
| 902 | _aGFM | ||
| 942 |
_2lcc _cB |
||
| 999 |
_c7429 _d7429 |
||